SIMCE 94: antecedentes generales

Uloženo v:
Podrobná bibliografie
Korporativní autor: SIMCE (Autor)
Médium: Kniha
Jazyk:španělština
Vydáno: Santiago SIMCE 1994
Témata:
Tagy: Přidat tag
Žádné tagy, Buďte první, kdo vytvoří štítek k tomuto záznamu!

MARC

LEADER 00000nam a2200000 a 4500
001 UCS4817
003 CL-VaPUC
008 970814e19940000CL |||||||||||||||||spa|d
082 0 4 |a 373  |b SIM  |2 21 
110 2 |a SIMCE  |e author  |9 390594 
245 1 0 |a SIMCE 94: antecedentes generales 
300 |a 62 p 
942 |c BK 
945 |d 19970814 00:00:00  |a rleighto 
260 |a Santiago  |b SIMCE  |c 1994 
650 0 |a Calidad de la educación   |9 307271 
650 0 |a Aprendizaje   |9 254827 
650 7 |a OBJETIVOS ACADEMICOS  |2 CL-VaPUC  |9 390595 
650 7 |a ESTABLECIMIENTOS EDUCACIONALES  |2 CL-VaPUC  |9 362138 
583 |a last modification  |c 19970814 00:00:00  |k Rodrigo Vera 
999 |c 261608  |d 261606 
952 |0 0  |1 0  |4 0  |6 373_000000000000000_SIM_1994  |7 0  |8 P  |9 289218  |a BIBEDU  |b BIBEDU  |c BIBEDU_PB  |d 2019-11-19  |i 3339955  |o 373 SIM 1994  |p 3339955  |r 2024-01-25  |w 2019-11-19  |y BK  |k EDU